№ 10; Промышленность синтетического каучука, шин и резиновых технических изделий

Chi tiết về thư mục
Parent link:Промышленность синтетического каучука, шин и резиновых технических изделий: научно-технический информационный сборник. № 10.— , 1984-1987, 1989.— 0233-5743
Ngôn ngữ:Tiếng Nga
Được phát hành: 1989
Định dạng: MixedMaterials Sách
KOHA link:https://koha.lib.tpu.ru/cgi-bin/koha/opac-detail.pl?biblionumber=512542

MARC

LEADER 00000nam2a2200000 4500
001 512542
005 20231101104607.0
035 |a (RuTPU)RU\TPU\prd\189400 
035 |a RU\TPU\prd\189388 
090 |a 512542 
100 |a 20130710c1989 k y0rusy50 ca 
101 0 |a rus 
102 |a RU 
200 0 |a № 10 
210 |d 1989 
461 1 |0 (RuTPU)RU\TPU\prd\927  |x 0233-5743  |t Промышленность синтетического каучука, шин и резиновых технических изделий  |o научно-технический информационный сборник  |v № 10  |d 1984-1987, 1989 
801 0 |a RU  |b 63413507  |c 20010227  |g PSBO 
801 1 |a RU  |b 63413507  |c 20130709 
801 2 |a RU  |b 63413507  |c 20130710  |g RCR 
942 |c BK 
999 |a НТБ_ТПУ  |b НФ  |e -4/20130109  |p П-7779  |u 0  |v 1